LEADER 01007nam0-22002891i-450- 001 990001726880403321 005 20060915144428.0 035 $a000172688 035 $aFED01000172688 035 $a(Aleph)000172688FED01 035 $a000172688 100 $a20030910d1957----km-y0itay50------ba 101 0 $aita 102 $aIT 200 1 $a4. convegno sui nuovi orientamenti della pollicoltura in Italia$eproblemi commerciali dell'avicoltura moderna$eVarese, 17-20 maggio 1957$fCamera di Commercio Industria e Agricoltura di Varese 210 $aVarese$cCamera di Commercio Industria e Agricoltura di Varese$d1957 215 $a99 p.$d25 cm 610 0 $aAvicoltura 676 $a636.5 710 12$aGiornate avicole varesine$f<1957 ;$eVarese>$0355401 801 0$aIT$bUNINA$gRICA$2UNIMARC 901 $aBK 912 $a990001726880403321 952 $a60 636.5 B 5$b37141$fFAGBC 959 $aFAGBC 996 $a4. convegno sui nuovi orientamenti della pollicoltura in Italia$9360040 997 $aUNINA LEADER 01263nam 2200409 450 001 9910807432603321 005 20230503031014.0 010 $a1-64055-100-X 010 $a1-64055-102-6 035 $a(CKB)4100000009445524 035 $a(MiAaPQ)EBC5909621 035 $a(EXLCZ)994100000009445524 100 $a20191017d2019 uy 0 101 0 $aeng 135 $aurcnu|||||||| 181 $ctxt$2rdacontent 182 $cc$2rdamedia 183 $acr$2rdacarrier 200 13$aAn insider's guide to working with healthcare consultants /$fAndrew C. Agwunobi ; foreword by Paul Osborne 210 1$aChicago, Illinois :$cHealth Administration Press,$d[2019] 210 4$dİ2019 215 $a1 online resource (147 pages) 225 1 $aACHE Management Series 311 $a1-64055-099-2 410 0$aManagement series (Ann Arbor, Mich.) 606 $aHospital-physician relations 615 0$aHospital-physician relations. 676 $a362.11068 700 $aAgwunobi$b Andrew C.$01670113 702 $aOsborne$b Paul 801 0$bMiAaPQ 801 1$bMiAaPQ 801 2$bMiAaPQ 906 $aBOOK 912 $a9910807432603321 996 $aAn insider's guide to working with healthcare consultants$94120643 997 $aUNINA